The Creative writing handbook : (Record no. 10611)

MARC details
000 -LEADER
fixed length control field 00748cam a22002292 4500
001 - CONTROL NUMBER
control field 0000002684
005 - DATE AND TIME OF LATEST TRANSACTION
control field 20151217154335.0
008 - FIXED-LENGTH DATA ELEMENTS--GENERAL INFORMATION
fixed length control field 070418s xx 000 0 eng d
020 ## - INTERNATIONAL STANDARD BOOK NUMBER
International Standard Book Number 0383792262 :
Terms of availability GBP 18.99
040 ## - CATALOGING SOURCE
Original cataloging agency KABU
Transcribing agency KABU
050 #0 - LIBRARY OF CONGRESS CALL NUMBER
Classification number PN145
Item number .C74 2000
245 14 - TITLE STATEMENT
Title The Creative writing handbook :
Remainder of title techniques for new writers /
Statement of responsibility, etc. ed. by John Singleton and Mary Luckhurst.
250 ## - EDITION STATEMENT
Edition statement 2nd ed.
260 ## - PUBLICATION, DISTRIBUTION, ETC. (IMPRINT)
Place of publication, distribution, etc. Basingstoke, England :
Name of publisher, distributor, etc. Palgrave,
Date of publication, distribution, etc. 2000.
300 ## - PHYSICAL DESCRIPTION
Extent viii, 326 p.
650 #0 - SUBJECT ADDED ENTRY--TOPICAL TERM
Topical term or geographic name as entry element Creative writing
Form subdivision Handbooks, manuals.
-- 0000152157
700 1# - ADDED ENTRY--PERSONAL NAME
Personal name Singleton, J.
-- 0000152158
700 1# - ADDED ENTRY--PERSONAL NAME
Personal name Luckhurst, Mary.
-- 0000152159
908 ## - PUT COMMAND PARAMETER (RLIN)
Put command parameter 070418
950 ## - LOCAL HOLDINGS (RLIN)
-- 1
Holdings
Withdrawn status Lost status Source of classification or shelving scheme Not for loan Home library Current library Date acquired Total Checkouts Full call number Barcode Date last seen Date last checked out Price effective from Koha item type
    Library of Congress Classification   Kabarak, Main Campus Kabarak, Main Campus 17/12/2015 2 PN145 .C74 2000 008384 24/10/2019 19/10/2019 17/12/2015 General Collection
Designed with assistance from East African Informatics Ltd